00485nam a2200145Ia 4500008004100000082001500041082000800056245008600064245003100150260003100181300000900212942000800221999001900229952009100248231017s9999 xx 000 0 und d a363.739BRI bBRI 0a"The Four Rs of Environmental Dredging: Resuspension, Release, Residual and Risk" 0cUS Army Corps of Engineers bUS Army Corps of Engineers c30cm cREP c605053d605053 00104070aNITbNITd2023-10-17l0o363.739BRIpNIT-3952r2023-10-17w2023-10-17yREP